[Event "Charity Event for Memory Ukrainian Ches"]
[Site "Lviv"]
[Date "2024.03.15"]
[Round "3.2"]
[White "Pavlov, Sergey"]
[Black "Karvatskyi, Oleksii"]
[Result "1-0"]
[WhiteElo "2387"]
[BlackElo "1985"]
[PlyCount "51"]
[EventDate "2024.03.15"]
[EventType "swiss (rapid)"]
[EventRounds "8"]
[EventCountry "UKR"]

1. c4 c5 2. Nf3 Nc6 3. d4 cxd4 4. Nxd4 e5 5. Nb5 d6 6. N1c3 a6 7. Na3 f5 8. g3
Nf6 9. Bg2 Be6 10. Nd5 Be7 11. O-O O-O 12. Be3 Rc8 13. Rc1 Kh8 14. Qb3 Rb8 15.
Rfd1 e4 16. Bf4 Bxd5 17. cxd5 Na5 18. Qc3 b5 19. b4 Nd7 20. bxa5 b4 21. Qc6
bxa3 22. Bxd6 Rf6 23. Bxb8 Rxc6 24. dxc6 Qxb8 25. cxd7 Qf8 26. d8=Q 1-0

[Event "Charity Event for Memory Ukrainian Ches"]
[Site "Lviv"]
[Date "2024.03.15"]
[Round "3.3"]
[White "Grinev, Valeriy"]
[Black "Vinogradnik, Vladimir"]
[Result "1-0"]
[WhiteElo "2332"]
[BlackElo "1972"]
[PlyCount "51"]
[EventDate "2024.03.15"]
[EventType "swiss (rapid)"]
[EventRounds "8"]
[EventCountry "UKR"]

1. d4 e5 2. dxe5 d6 3. exd6 Bxd6 4. e4 Qe7 5. Nc3 Nf6 6. Bg5 h6 7. Bh4 Nc6 8.
Bb5 Bd7 9. Nge2 g5 10. Bg3 Bxg3 11. Nxg3 O-O-O 12. O-O Bg4 13. Qe1 Nd4 14. Bd3
h5 15. Qe3 h4 16. Nge2 h3 17. Nxd4 hxg2 18. Rfe1 Qe5 19. Qg3 Qxd4 20. e5 Rh3
21. Qxg2 Rdh8 22. exf6 Rxh2 23. Re8+ Rxe8 24. Qxh2 Qxf6 25. Qxc7+ Kxc7 26. Nd5+
1-0

[Event "Charity Event for Memory Ukrainian Ches"]
[Site "Lviv"]
[Date "2024.03.15"]
[Round "3.4"]
[White "Shevchenko, Yaroslav"]
[Black "Kislinsky, Alexey"]
[Result "0-1"]
[WhiteElo "2006"]
[BlackElo "2314"]
[PlyCount "92"]
[EventDate "2024.03.15"]
[EventType "swiss (rapid)"]
[EventRounds "8"]
[EventCountry "UKR"]

1. d4 Nf6 2. c4 g6 3. Nc3 Bg7 4. e4 d6 5. Nf3 O-O 6. Be2 e5 7. d5 a5 8. Be3 Ng4
9. Bg5 f6 10. Bh4 Nh6 11. Nd2 g5 12. Bg3 f5 13. exf5 Nxf5 14. Bg4 Na6 15. Nde4
b6 16. Bxf5 Bxf5 17. O-O g4 18. f3 gxf3 19. Rxf3 Qe8 20. Bh4 Kh8 21. Qe2 Bg6
22. Raf1 Rf4 23. Nf6 Bxf6 24. Bxf6+ Kg8 25. Rxf4 exf4 26. Qxe8+ Rxe8 27. Rxf4
Nc5 28. b3 Nd3 29. Rf1 h5 30. Bd4 Kh7 31. h3 Nb4 32. Rf2 Nc2 33. Bf6 Re1+ 34.
Kh2 Ne3 35. Re2 Nf1+ 36. Kg1 Rc1 37. Kf2 Bd3 38. Re1 Rc2+ 39. Kg1 Kg6 40. Bd4
Ng3 41. Nb5 Ne2+ 42. Kh1 Be4 43. Bf2 Rxa2 44. Nxc7 Kf5 45. Ne8 Ke5 46. Bxb6
Ng3+ 0-1

[Event "Charity Event for Memory Ukrainian Ches"]
[Site "Lviv"]
[Date "2024.03.15"]
[Round "3.7"]
[White "Zakordonets, Olexandr"]
[Black "Dehtiarov, Roman"]
[Result "0-1"]
[WhiteElo "1985"]
[BlackElo "2270"]
[PlyCount "104"]
[EventDate "2024.03.15"]
[EventType "swiss (rapid)"]
[EventRounds "8"]
[EventCountry "UKR"]

1. d4 Nf6 2. Nf3 e6 3. g3 b6 4. Bg2 Bb7 5. O-O c5 6. c3 Be7 7. Bf4 O-O 8. Na3
cxd4 9. cxd4 Bxa3 10. bxa3 d5 11. Rc1 Nc6 12. Ne5 Nxe5 13. Bxe5 Ne4 14. Bxe4
dxe4 15. Qb3 Bd5 16. Qb2 Qg5 17. Bf4 Qh5 18. Rc7 Rfc8 19. Rfc1 Rxc7 20. Rxc7 h6
21. h4 Qg4 22. Qc2 Qh3 23. Be3 Qg4 24. a4 Qf5 25. a3 Kh7 26. Rc8 Rxc8 27. Qxc8
Bb3 28. Qa6 Bd1 29. Qc4 Qa5 30. Kf1 Bxa4 31. Qc7 Qh5 32. Ke1 Qb5 33. Qc1 Bb3
34. Qb1 f5 35. Qb2 Qd5 36. Bf4 Qa5+ 37. Bd2 Qa4 38. d5 Bxd5 39. Bc3 Qd7 40. Be5
Bc6 41. h5 Bb7 42. Bd4 Ba6 43. Be5 Qf7 44. g4 fxg4 45. Qd4 Qxh5 46. Qxe4+ Qf5
47. Qd4 Qb1+ 48. Kd2 Qa2+ 49. Kc1 Qxa3+ 50. Kd2 Qa2+ 51. Kc1 Qxe2 52. Bf4 Qc4+
0-1

[Event "Charity Event for Memory Ukrainian Ches"]
[Site "Lviv"]
[Date "2024.03.15"]
[Round "3.9"]
[White "Fainkihen, Efim"]
[Black "Podolskyi, Mykhailo"]
[Result "1/2-1/2"]
[WhiteElo "1962"]
[BlackElo "2244"]
[PlyCount "122"]
[EventDate "2024.03.15"]
[EventType "swiss (rapid)"]
[EventRounds "8"]
[EventCountry "UKR"]

1. e4 c5 2. Nf3 e6 3. b4 cxb4 4. d4 Nf6 5. Bd3 b6 6. Qe2 Bb7 7. O-O d5 8. exd5
Nxd5 9. Bb5+ Nc6 10. Ne5 Qc7 11. f4 Bd6 12. f5 Bxe5 13. dxe5 O-O-O 14. Bb2 Kb8
15. a3 Nc3 16. Nxc3 Nd4 17. Qc4 bxc3 18. Qxc7+ Kxc7 19. Bxc3 Nxb5 20. Bb4 a5
21. Be1 Bd5 22. c4 Bxc4 23. Rc1 Rd4 24. a4 Na7 25. fxe6 fxe6 26. Rf7+ Kc6 27.
Bf2 Re4 28. Rxa7 Rd8 29. Rxg7 Rd2 30. Rxh7 Ra2 31. Rh6 Kb7 32. Rb1 Bb3 33. h4
Rb4 34. Rh7+ Ka6 35. Rc1 Rc2 36. Rxc2 Bxc2 37. Rc7 Bf5 38. h5 Rxa4 39. h6 Ra1+
40. Kh2 Ra2 41. Kg3 Ra3+ 42. Kf4 Ra4+ 43. Kf3 Ra3+ 44. Be3 Ra1 45. g4 Bd3 46.
h7 Rh1 47. Rc6 Rh3+ 48. Kf2 Kb5 49. Rxb6+ Ka4 50. h8=Q Rxh8 51. Rxe6 Kb5 52.
Rb6+ Kc4 53. Rc6+ Kb5 54. Rc5+ Kb4 55. Rd5 Bc4 56. Bd2+ Kb3 57. Rxa5 Kc2 58.
Be3 Rf8+ 59. Kg3 Kd3 60. Bf4 Ke4 61. Ra4 Kd5 1/2-1/2

[Event "Charity Event for Memory Ukrainian Ches"]
[Site "Lviv"]
[Date "2024.03.15"]
[Round "3.10"]
[White "Mosesov, Danyil"]
[Black "Frankiv, Oleksandr"]
[Result "1-0"]
[WhiteElo "2230"]
[BlackElo "1932"]
[PlyCount "95"]
[EventDate "2024.03.15"]
[EventType "swiss (rapid)"]
[EventRounds "8"]
[EventCountry "UKR"]

1. Nf3 Nc6 2. d4 d5 3. c4 Bg4 4. cxd5 Bxf3 5. gxf3 Qxd5 6. e3 Nf6 7. Nc3 Qh5 8.
Bb5 e6 9. Bd2 Bb4 10. Qe2 a6 11. Bxc6+ bxc6 12. O-O-O Nd5 13. Ne4 Bxd2+ 14.
Rxd2 Nb6 15. Rg1 Kf8 16. Rc2 Qb5 17. Qxb5 axb5 18. Rxc6 Rxa2 19. Kb1 Ra7 20.
Nc3 Rb7 21. Nxb5 Nd5 22. Nc3 Nb4 23. Rc4 Nd3 24. Nd1 g6 25. Rc3 Nb4 26. Rg5 Nd5
27. Ra3 Ke7 28. e4 f6 29. Rg1 Nb4 30. Ne3 Rhb8 31. Rc1 c6 32. Nc4 Kd7 33. Rb3
Na6 34. Rxb7+ Rxb7 35. Kc2 Nb4+ 36. Kd2 Na6 37. Ra1 Nc7 38. Kc3 Nb5+ 39. Kd3
Nd6 40. Nxd6 Kxd6 41. Kc3 f5 42. e5+ Kd5 43. Ra5+ Rb5 44. b4 g5 45. Ra7 c5 46.
Rd7+ Kc6 47. Rd6+ Kc7 48. dxc5 1-0

[Event "Charity Event for Memory Ukrainian Ches"]
[Site "Lviv"]
[Date "2024.03.15"]
[Round "3.11"]
[White "Terletsky, Oleg A"]
[Black "Dubnevych, Maksym"]
[Result "0-1"]
[WhiteElo "1939"]
[BlackElo "2206"]
[PlyCount "42"]
[EventDate "2024.03.15"]
[EventType "swiss (rapid)"]
[EventRounds "8"]
[EventCountry "UKR"]

1. e4 e5 2. Nf3 Nc6 3. d4 exd4 4. Nxd4 Nf6 5. Nc3 Bb4 6. Nxc6 bxc6 7. Bg5 h6 8.
Bh4 g5 9. Bg3 Nxe4 10. Qd4 Bxc3+ 11. bxc3 O-O 12. Bd3 d5 13. f3 c5 14. Qa4 Nxg3
15. hxg3 Qd6 16. O-O-O Bd7 17. Qa5 Rab8 18. f4 gxf4 19. Rh4 fxg3 20. Rf1 Qe7
21. Re4 dxe4 0-1

[Event "Charity Event for Memory Ukrainian Ches"]
[Site "Lviv"]
[Date "2024.03.15"]
[Round "3.12"]
[White "Sydoryka, Vladyslav"]
[Black "Nakonechnyi, Oleksii"]
[Result "1/2-1/2"]
[WhiteElo "2190"]
[BlackElo "1910"]
[PlyCount "88"]
[EventDate "2024.03.15"]
[EventType "swiss (rapid)"]
[EventRounds "8"]
[EventCountry "UKR"]

1. c4 Nf6 2. g3 e6 3. Bg2 d5 4. Nf3 Be7 5. O-O O-O 6. b3 b6 7. Bb2 Bb7 8. e3
Nbd7 9. Nc3 dxc4 10. bxc4 Nc5 11. d4 Nce4 12. Nxe4 Bxe4 13. Ne5 Bxg2 14. Kxg2
Bd6 15. Nc6 Qe8 16. Qf3 Nd7 17. Rad1 a5 18. Rd2 a4 19. d5 a3 20. Bc3 e5 21. e4
Ra4 22. Qe2 Nb8 23. Nxb8 Qxb8 24. f4 Qe8 25. Qd3 f6 26. Rdf2 b5 27. fxe5 Bxe5
28. Bxe5 Qxe5 29. Rf5 bxc4 30. Qe3 Qd6 31. Qd4 Rd8 32. g4 Rb4 33. R1f2 c3 34.
Qxc3 Rxe4 35. Qf3 Re5 36. Rxe5 Qxe5 37. Qxa3 Qxd5+ 38. Qf3 Kf7 39. Qxd5+ Rxd5
40. Rc2 Kg6 41. Rxc7 Rd2+ 42. Kg3 Rxa2 43. Rc3 h5 44. h3 Ra4 1/2-1/2

[Event "Charity Event for Memory Ukrainian Ches"]
[Site "Lviv"]
[Date "2024.03.15"]
[Round "3.13"]
[White "Tarleva, Vira"]
[Black "Mikhaletz, Lubomir"]
[Result "0-1"]
[WhiteElo "1917"]
[BlackElo "2171"]
[PlyCount "96"]
[EventDate "2024.03.15"]
[EventType "swiss (rapid)"]
[EventRounds "8"]
[EventCountry "UKR"]

1. e4 c5 2. Nf3 e6 3. d4 cxd4 4. Nxd4 a6 5. Nc3 b5 6. g3 b4 7. Nce2 Bb7 8. Bg2
Nf6 9. Qd3 d6 10. O-O Nbd7 11. f3 d5 12. exd5 Nxd5 13. c3 bxc3 14. bxc3 Qc7 15.
f4 Bc5 16. Kh1 O-O 17. f5 e5 18. Nb3 N7f6 19. Nxc5 Qxc5 20. a4 e4 21. Qd4 Qxd4
22. cxd4 Rfc8 23. Nf4 Rc2 24. h3 Rac8 25. Rb1 Bc6 26. Nxd5 Bxd5 27. Bg5 e3 28.
Bxd5 Nxd5 29. Rbe1 R8c3 30. Rf3 f6 31. Bxe3 Rb3 32. Kg1 Rcc3 33. Kf2 h5 34. h4
Kf7 35. g4 hxg4 36. Rg3 Nb4 37. Re2 Nc2 38. Bf4 Nxd4 39. Rxc3 Rxc3 40. Re3 Rxe3
41. Kxe3 Nxf5+ 42. Ke4 Nxh4 43. a5 g5 44. Bg3 Ke6 45. Kd4 f5 46. Kc5 f4 47. Bf2
g3 48. Bg1 f3 0-1

[Event "Charity Event for Memory Ukrainian Ches"]
[Site "Lviv"]
[Date "2024.03.15"]
[Round "3.15"]
[White "Ivanov, Taras"]
[Black "Bykovskiy, Oleg"]
[Result "0-1"]
[WhiteElo "1882"]
[BlackElo "2161"]
[PlyCount "76"]
[EventDate "2024.03.15"]
[EventType "swiss (rapid)"]
[EventRounds "8"]
[EventCountry "UKR"]

1. Nf3 Nf6 2. b3 g6 3. Bb2 Bg7 4. e3 O-O 5. d4 d5 6. Be2 Ne4 7. Nbd2 c5 8. O-O
Nc6 9. Ne5 Nxd2 10. Qxd2 Nxe5 11. dxe5 Be6 12. Rfd1 Qc7 13. f4 f6 14. exf6 Bxf6
15. Bxf6 exf6 16. Bf3 Rad8 17. Qf2 Rd7 18. Rd2 Rfd8 19. Rad1 Qa5 20. a4 Kg7 21.
h3 Qb4 22. Qe2 a6 23. Kh2 Bf7 24. e4 d4 25. e5 Qb6 26. Bg4 Re7 27. exf6+ Qxf6
28. Qf2 Rde8 29. Re2 Rxe2 30. Bxe2 Re4 31. Rf1 Re3 32. Bd3 Bd5 33. f5 Qe5+ 34.
Kg1 Rg3 35. f6+ Kf8 36. Re1 Rxg2+ 37. Qxg2 Qxe1+ 38. Qf1 Qg3+ 0-1

[Event "Charity Event for Memory Ukrainian Ches"]
[Site "Lviv"]
[Date "2024.03.15"]
[Round "4.1"]
[White "Kravtsiv, Martyn"]
[Black "Baziuk, Vladyslav"]
[Result "1-0"]
[WhiteElo "2674"]
[BlackElo "2064"]
[PlyCount "59"]
[EventDate "2024.03.15"]
[EventType "swiss (rapid)"]
[EventRounds "8"]
[EventCountry "UKR"]

1. e4 c6 2. Nf3 d5 3. d3 Bg4 4. h3 Bxf3 5. Qxf3 e5 6. g3 Nf6 7. Bg2 dxe4 8.
dxe4 Bc5 9. O-O O-O 10. Nd2 Nbd7 11. a4 a5 12. Nc4 b5 13. Ne3 Qb6 14. h4 Rfe8
15. Nf5 g6 16. Nh6+ Kg7 17. Bh3 Nf8 18. Bg5 Be7 19. Qb3 Ne6 20. Bxe6 Nxe4 21.
Bd7 Bxg5 22. Qxf7+ Kxh6 23. Bxe8 Bf6 24. Rae1 Ra7 25. Qe6 Re7 26. Qxc6 Qxc6 27.
Bxc6 Nd2 28. axb5 Nxf1 29. Kxf1 e4 30. b3 1-0

[Event "Charity Event for Memory Ukrainian Ches"]
[Site "Lviv"]
[Date "2024.03.15"]
[Round "4.2"]
[White "Bykovskiy, Oleg"]
[Black "Pavlov, Sergey"]
[Result "1/2-1/2"]
[WhiteElo "2161"]
[BlackElo "2387"]
[PlyCount "172"]
[EventDate "2024.03.15"]
[EventType "swiss (rapid)"]
[EventRounds "8"]
[EventCountry "UKR"]

1. e4 c5 2. Nf3 Nf6 3. e5 Nd5 4. d4 cxd4 5. c3 Nc6 6. cxd4 d6 7. Bc4 dxe5 8.
dxe5 Ndb4 9. Qxd8+ Nxd8 10. Na3 a6 11. Bd2 Nbc6 12. Bd5 Be6 13. Bxe6 Nxe6 14.
Nc4 g6 15. Na5 Nxa5 16. Bxa5 Rc8 17. O-O Bh6 18. Rad1 Rc5 19. Bc3 g5 20. h3 Rg8
21. Bd4 Rc2 22. Bc3 g4 23. hxg4 Rxg4 24. Ne1 Re2 25. Nd3 Ng5 26. g3 Ne4 27.
Rfe1 Nxc3 28. bxc3 Rxe1+ 29. Rxe1 Rc4 30. e6 Rxc3 31. exf7+ Kxf7 32. Ne5+ Ke8
33. Ng4 Rc1 34. Kf1 Rxe1+ 35. Kxe1 Bg7 36. Kd2 Kd7 37. Kd3 b5 38. Ne3 e6 39.
Nc2 Kd6 40. f4 Kc5 41. g4 a5 42. Ne3 b4 43. f5 exf5 44. Nxf5 Bf6 45. Ng3 Be5
46. Ne4+ Kd5 47. Ng5 h6 48. Nf3 Bf6 49. Nd2 Bd8 50. Nc4 Bc7 51. Ne3+ Kc5 52.
Nf5 Bf4 53. Ng7 Bg5 54. Ne6+ Kd5 55. Nd4 Kc5 56. Ne6+ Kb5 57. Nd4+ Ka4 58. Nb3
Bd8 59. Kc2 Ka3 60. Kb1 a4 61. Nd4 b3 62. axb3 axb3 63. Nxb3 Kxb3 64. Kc1 Kc3
65. Kd1 Kd3 66. Ke1 Ke3 67. Kf1 Kf3 68. Kg1 Kg3 69. Kh1 Bc7 70. Kg1 Kh3 71. Kh1
Bf4 72. Kg1 Kg3 73. Kh1 Kf3 74. Kg1 Bg3 75. Kh1 Bf2 76. Kh2 Be3 77. Kh1 Kf2 78.
Kh2 Kf1 79. Kh1 Bg5 80. Kh2 Kf2 81. Kh1 Kg3 82. Kg1 Kh3 83. Kh1 Bf4 84. Kg1
Bh2+ 85. Kh1 Kg3 86. g5 hxg5 1/2-1/2

[Event "Charity Event for Memory Ukrainian Ches"]
[Site "Lviv"]
[Date "2024.03.15"]
[Round "4.3"]
[White "Domanskiy, Mykola"]
[Black "Grinev, Valeriy"]
[Result "0-1"]
[WhiteElo "2126"]
[BlackElo "2332"]
[PlyCount "62"]
[EventDate "2024.03.15"]
[EventType "swiss (rapid)"]
[EventRounds "8"]
[EventCountry "UKR"]

1. e4 c5 2. Nf3 e6 3. d4 cxd4 4. Nxd4 a6 5. c4 Nf6 6. Nc3 Qc7 7. a3 b6 8. Bd3
Nc6 9. Nxc6 dxc6 10. O-O e5 11. h3 Bc5 12. Qe2 O-O 13. Be3 Be6 14. Bxc5 bxc5
15. Qe3 Rfd8 16. Na4 Nd7 17. b3 Nf8 18. Rfd1 Rd4 19. Nxc5 Rad8 20. Nxa6 Qd6 21.
Nb4 Ng6 22. Be2 Nf4 23. Bf3 Bxh3 24. gxh3 Qg6+ 25. Kh2 Rxd1 26. Rxd1 Rxd1 27.
Bg4 h5 28. Nxc6 Qg5 29. Ne7+ Kh7 30. Bf5+ g6 31. Nxg6 Qg1# 0-1

[Event "Charity Event for Memory Ukrainian Ches"]
[Site "Lviv"]
[Date "2024.03.15"]
[Round "4.4"]
[White "Kislinsky, Alexey"]
[Black "Gerasimenyk, Mikhail"]
[Result "1-0"]
[WhiteElo "2314"]
[BlackElo "2051"]
[PlyCount "31"]
[EventDate "2024.03.15"]
[EventType "swiss (rapid)"]
[EventRounds "8"]
[EventCountry "UKR"]

1. e4 c6 2. c4 d5 3. exd5 cxd5 4. d4 Nf6 5. Nc3 Nc6 6. Nf3 e6 7. a3 Be7 8. Bd3
O-O 9. O-O h6 10. Re1 dxc4 11. Bxc4 b6 12. Qd3 Bb7 13. Ba2 Bc5 14. Be3 Ne7 15.
Ne5 Nf5 16. dxc5 1-0

[Event "Charity Event for Memory Ukrainian Ches"]
[Site "Lviv"]
[Date "2024.03.15"]
[Round "4.5"]
[White "Sergeev, Vladimir"]
[Black "Lornye, Pylyp"]
[Result "0-1"]
[WhiteElo "2277"]
[BlackElo "2034"]
[PlyCount "80"]
[EventDate "2024.03.15"]
[EventType "swiss (rapid)"]
[EventRounds "8"]
[EventCountry "UKR"]

1. c4 Nf6 2. g3 g6 3. Bg2 Bg7 4. Nc3 O-O 5. d4 d6 6. e3 e5 7. Nge2 c6 8. h3
Nbd7 9. b4 exd4 10. Nxd4 Ne5 11. Qe2 c5 12. Nc2 cxb4 13. Nxb4 Qa5 14. a3 Be6
15. Ncd5 Nxc4 16. Qxc4 Nxd5 17. Bxd5 Bxd5 18. Qxd5 Qxd5 19. Nxd5 Bxa1 20. Ke2
Bg7 21. Bd2 Kh8 22. h4 h5 23. Bb4 a5 24. Bxd6 Rfd8 25. Nb6 Ra6 26. Bc7 Re8 27.
Rb1 Bf8 28. a4 Bb4 29. Nd5 Rc6 30. f4 Rc5 31. Rd1 Rc2+ 32. Kf3 Bf8 33. Bxa5 Ra8
34. Bb6 Rxa4 35. Rb1 Bg7 36. Bd8 Raa2 37. Rb3 Rf2+ 38. Ke4 f5+ 39. Kd3 Rfd2+
40. Kc4 Rac2+ 0-1

[Event "Charity Event for Memory Ukrainian Ches"]
[Site "Lviv"]
[Date "2024.03.15"]
[Round "4.6"]
[White "Andrienko, Artem"]
[Black "Sakun, Volodymyr"]
[Result "0-1"]
[WhiteElo "2041"]
[BlackElo "2274"]
[PlyCount "81"]
[EventDate "2024.03.15"]
[EventType "swiss (rapid)"]
[EventRounds "8"]
[EventCountry "UKR"]

1. c4 d6 2. Nc3 Nd7 3. g3 g6 4. Bg2 Bg7 5. Nf3 Ngf6 6. d3 O-O 7. O-O e5 8. Rb1
Re8 9. b4 e4 10. Nxe4 Nxe4 11. dxe4 Rxe4 12. Ng5 Re8 13. Bd5 Rf8 14. c5 Nf6 15.
Bb3 d5 16. Bb2 c6 17. Qd2 h6 18. Nf3 a5 19. a3 axb4 20. axb4 Bh3 21. Rfd1 Qe7
22. Ra1 Ne4 23. Qc1 Rfe8 24. Rxa8 Rxa8 25. Bxg7 Kxg7 26. Nd4 Qf6 27. f3 Ng5 28.
Kf2 Ne6 29. Nxe6+ Bxe6 30. b5 Qe5 31. bxc6 bxc6 32. h4 Ra5 33. Qc2 Bf5 34. Qc1
Kg8 35. h5 g5 36. f4 Qe7 37. e3 Qxc5 38. Qd2 Ra3 39. Qb2 Qb4 40. Qf6 Qxb3 41.
Qd4 0-1

[Event "Charity Event for Memory Ukrainian Ches"]
[Site "Lviv"]
[Date "2024.03.15"]
[Round "4.7"]
[White "Dehtiarov, Roman"]
[Black "Hychkevych, Vitaliy"]
[Result "1-0"]
[WhiteElo "2270"]
[BlackElo "1872"]
[PlyCount "51"]
[EventDate "2024.03.15"]
[EventType "swiss (rapid)"]
[EventRounds "8"]
[EventCountry "UKR"]

1. e4 c5 2. Nc3 e6 3. f4 Nc6 4. Nf3 d6 5. Bb5 Bd7 6. O-O Be7 7. d3 Nf6 8. e5
dxe5 9. fxe5 Nd5 10. Ne4 O-O 11. c4 Nc7 12. Ba4 Nd4 13. Bxd7 Qxd7 14. Be3 b5
15. b3 Na6 16. Nxd4 cxd4 17. Bg5 Bxg5 18. Nxg5 bxc4 19. Qh5 h6 20. Ne4 Kh8 21.
Rf6 Kh7 22. Rxh6+ gxh6 23. Nf6+ Kg7 24. Nxd7 Rfd8 25. Qg4+ Kh8 26. Qf3 1-0

[Event "Charity Event for Memory Ukrainian Ches"]
[Site "Lviv"]
[Date "2024.03.15"]
[Round "4.8"]
[White "Bagiryan, Vigen"]
[Black "Semenov, Dmytro"]
[Result "1-0"]
[WhiteElo "2032"]
[BlackElo "2269"]
[PlyCount "167"]
[EventDate "2024.03.15"]
[EventType "swiss (rapid)"]
[EventRounds "8"]
[EventCountry "UKR"]

1. e4 e5 2. Nf3 Nc6 3. Bb5 a6 4. Ba4 Nf6 5. O-O Be7 6. Re1 b5 7. Bb3 O-O 8. c3
d6 9. h3 Nb8 10. d4 Nbd7 11. Nbd2 Bb7 12. d5 c6 13. dxc6 Bxc6 14. Bc2 Nc5 15.
Qe2 Qc7 16. Nh2 Qb7 17. f3 Qa7 18. Kh1 Nh5 19. Ndf1 Nf4 20. Bxf4 exf4 21. Ng4
h5 22. Nf2 Bf6 23. Nd3 Nxd3 24. Qxd3 Be5 25. Rad1 Rab8 26. a3 a5 27. Bb3 b4 28.
axb4 axb4 29. Bd5 Bxd5 30. exd5 bxc3 31. bxc3 Rb3 32. Rc1 Rc8 33. Qf5 Rcxc3 34.
Qxh5 Qf2 35. Rcd1 g6 36. Qg4 Rc2 37. Nh2 Rbb2 38. Rg1 Rd2 39. Rxd2 Qxd2 40.
Qc8+ Kg7 41. Qc1 Qxd5 42. Ng4 Re2 43. Rd1 Qa2 44. Nxe5 dxe5 45. Rg1 g5 46. Qc5
Kg6 47. Qf8 e4 48. Qg8+ Kf6 49. Qd8+ Kf5 50. Qd7+ Kg6 51. fxe4 Rxe4 52. Qd8 Re2
53. Qd3+ Kg7 54. Qd4+ Kh7 55. Qd3+ Kh6 56. Qd4 Qb2 57. Qc4 Kg7 58. Qd5 Rf2 59.
Qxg5+ Kf8 60. Rd1 Rd2 61. Qh6+ Kg8 62. Qg5+ Kh7 63. Rf1 Qg7 64. Qxg7+ Kxg7 65.
Rxf4 Kg6 66. Kh2 f5 67. Kg3 Rd3+ 68. Rf3 Rd2 69. Ra3 Kg5 70. h4+ Kh5 71. Kh3
Rd4 72. g3 Rd5 73. Ra8 Rc5 74. Rg8 f4 75. g4+ Kh6 76. g5+ Kh5 77. Rh8+ Kg6 78.
Rh6+ Kg7 79. Rf6 Rc4 80. h5 Rc1 81. Rxf4 Rh1+ 82. Kg4 Rg1+ 83. Kf5 Rh1 84. h6+
1-0

[Event "Charity Event for Memory Ukrainian Ches"]
[Site "Lviv"]
[Date "2024.03.15"]
[Round "4.9"]
[White "Tretiak, Igor"]
[Black "Mosesov, Danyil"]
[Result "0-1"]
[WhiteElo "1866"]
[BlackElo "2230"]
[PlyCount "94"]
[EventDate "2024.03.15"]
[EventType "swiss (rapid)"]
[EventRounds "8"]
[EventCountry "UKR"]

1. e4 c5 2. Nf3 e6 3. Bd3 Nc6 4. O-O a6 5. Re1 g5 6. g3 h5 7. Bf1 g4 8. Nh4 Be7
9. Ng2 Nf6 10. c3 d5 11. e5 Ne4 12. d3 Ng5 13. Bxg5 Bxg5 14. Na3 b5 15. d4 Qb6
16. Nc2 cxd4 17. cxd4 Bd7 18. a4 bxa4 19. Rxa4 a5 20. Na3 Nb4 21. Nb1 Bxa4 22.
Qxa4+ Kf8 23. Nc3 Qxd4 24. Qd7 Kg7 25. Nb5 Qb6 26. Nd6 Qa7 27. Qb5 Rab8 28. Qe2
Nc6 29. Kh1 Nd4 30. Qd3 Rxb2 31. Rd1 Rxf2 32. Ne3 Nf3 33. Bg2 Qxe3 34. Bxf3
Qxf3+ 35. Qxf3 gxf3 36. h4 Be7 37. Kg1 Rg2+ 38. Kh1 Bxd6 39. exd6 Rd8 40. g4
Rxg4 41. Rf1 Rxd6 42. Rxf3 Rb6 43. Kh2 Rxh4+ 44. Kg3 Rg4+ 45. Kh3 Rb1 46. Rg3
Rxg3+ 47. Kxg3 a4 0-1

[Event "Charity Event for Memory Ukrainian Ches"]
[Site "Lviv"]
[Date "2024.03.15"]
[Round "4.11"]
[White "Mikhaletz, Lubomir"]
[Black "Karpinets, Andrian"]
[Result "1-0"]
[WhiteElo "2171"]
[BlackElo "1833"]
[PlyCount "91"]
[EventDate "2024.03.15"]
[EventType "swiss (rapid)"]
[EventRounds "8"]
[EventCountry "UKR"]

1. d4 d5 2. Nf3 e6 3. c4 Nf6 4. cxd5 exd5 5. Bg5 Be7 6. Nc3 c6 7. Qc2 O-O 8. e3
h6 9. Bxf6 Bxf6 10. Bd3 Re8 11. O-O Nd7 12. b4 Be7 13. b5 Nf6 14. bxc6 bxc6 15.
Ne5 c5 16. Nc6 Qc7 17. Nxe7+ Qxe7 18. dxc5 Qxc5 19. Ne2 Qxc2 20. Bxc2 Ba6 21.
Rfe1 Bxe2 22. Rxe2 d4 23. e4 Rac8 24. Rd1 Red8 25. f3 Rc3 26. Red2 Nh5 27. Kf2
Nf4 28. g3 Ne6 29. Bb3 d3 30. Ke3 Nc5 31. Bd5 Ra3 32. Rc1 Na6 33. Rc4 Rb8 34.
Kd4 Nb4 35. Rc7 Nc2+ 36. Ke5 Rf8 37. Bb3 Nb4 38. Kd4 Na6 39. Rxa7 Rd8+ 40. Ke3
Rd6 41. Bxf7+ Kh7 42. Bc4 Nb4 43. Rxa3 Nc2+ 44. Rxc2 dxc2 45. Rc3 Rd3+ 46. Kxd3
1-0

[Event "Charity Event for Memory Ukrainian Ches"]
[Site "Lviv"]
[Date "2024.03.15"]
[Round "4.13"]
[White "Petursson, Margeir"]
[Black "Sobol, Matvii"]
[Result "1-0"]
[WhiteElo "2344"]
[BlackElo "2021"]
[PlyCount "101"]
[EventDate "2024.03.15"]
[EventType "swiss (rapid)"]
[EventRounds "8"]
[EventCountry "UKR"]

1. d4 Nf6 2. c4 e6 3. Nc3 d5 4. Nf3 Bb4 5. g3 O-O 6. Bg2 b6 7. O-O Bb7 8. Ne5
c6 9. a3 Be7 10. e4 Nbd7 11. Nxc6 Bxc6 12. exd5 exd5 13. cxd5 Bb7 14. d6 Bxg2
15. dxe7 Qxe7 16. Kxg2 Rad8 17. Qf3 h6 18. Bf4 Rfe8 19. h4 Nf8 20. Be5 N6h7 21.
Rad1 Ne6 22. Rfe1 f6 23. d5 fxe5 24. Rxe5 Nf4+ 25. gxf4 Qxh4 26. Qg3 Qf6 27.
Rde1 Qf7 28. d6 Nf6 29. Re7 Rxe7 30. Rxe7 Qf8 31. f5 Ne8 32. Nd5 Nxd6 33. f6
Nf7 34. Nc7 Rd6 35. Re8 Rxf6 36. Rxf8+ Kxf8 37. Qe3 Kg8 38. Qe8+ Kh7 39. Ne6 h5
40. Nf8+ Kh6 41. Nd7 Rg6+ 42. Kf1 Nd6 43. Qh8+ Kg5 44. Ne5 Re6 45. Qxg7+ Kf5
46. Nf7 Ne4 47. Nh6+ Kf4 48. Qf7+ Rf6 49. Qxh5 Rf8 50. Qg4+ Ke5 51. Qg7+ 1-0

[Event "Charity Event for Memory Ukrainian Ches"]
[Site "Lviv"]
[Date "2024.03.15"]
[Round "4.14"]
[White "Shton, Roman"]
[Black "Starozhilov, Leonid"]
[Result "0-1"]
[WhiteElo "2002"]
[BlackElo "2285"]
[PlyCount "52"]
[EventDate "2024.03.15"]
[EventType "swiss (rapid)"]
[EventRounds "8"]
[EventCountry "UKR"]

1. d4 g6 2. Nf3 Bg7 3. e4 d6 4. Bc4 Nf6 5. Qe2 Nc6 6. c3 e5 7. dxe5 Nxe5 8.
Nxe5 dxe5 9. O-O O-O 10. Rd1 Qe7 11. f3 Nh5 12. Na3 c6 13. Qd3 Nf4 14. Qd6 Qg5
15. g3 Bh3 16. Bxf4 exf4 17. Qxf4 Qc5+ 18. Kh1 Qf2 19. Bf1 Bxf1 20. Rxf1 Qxb2
21. Nc4 Qxc3 22. Rac1 Qb4 23. Nd6 g5 24. Qxg5 Qxd6 25. f4 Qg6 26. Qxg6 hxg6 0-1

[Event "Charity Event for Memory Ukrainian Ches"]
[Site "Lviv"]
[Date "2024.03.15"]
[Round "4.15"]
[White "Podolskyi, Mykhailo"]
[Black "Yushko, Olga"]
[Result "1-0"]
[WhiteElo "2244"]
[BlackElo "1940"]
[PlyCount "87"]
[EventDate "2024.03.15"]
[EventType "swiss (rapid)"]
[EventRounds "8"]
[EventCountry "UKR"]

1. d4 e6 2. c4 Nf6 3. Nf3 d5 4. Nc3 Be7 5. Bg5 O-O 6. e3 Nbd7 7. Rc1 b6 8. cxd5
exd5 9. Bd3 Bb7 10. O-O c5 11. Qe2 Ne4 12. Bxe7 Qxe7 13. dxc5 Ndxc5 14. Rfd1 a5
15. Nd4 f5 16. Bb5 Rac8 17. h3 Qg5 18. Nf3 Nxc3 19. Rxc3 Qf6 20. Nd4 Ne4 21.
Rxc8 Rxc8 22. Bd7 Rc4 23. Qh5 g6 24. Qh6 Bc8 25. Bb5 Rc5 26. Qf4 Qd6 27. Qf3
Qe5 28. Bd3 Bb7 29. Bxe4 dxe4 30. Qe2 Bd5 31. b3 Bf7 32. Qa6 Qd6 33. Qe2 Rd5
34. Rc1 Rc5 35. Rd1 Rd5 36. g3 Be8 37. Qc4 Qc5 38. Qe2 Qd6 39. Kg2 a4 40. bxa4
Bxa4 41. Rb1 b5 42. Nxb5 Bxb5 43. Rxb5 Qa6 44. Rb8+ 1-0